000 00286nam a22001337a 4500
008 181015b xxu||||| |||| 00| 0 eng d
020 _a9780071745833
041 _aeng
080 _a510
100 _a30
101 _aMAT
245 _aElementary Algebra
_cRich.b
942 _2udc
_cBK
999 _c49764
_d49764